Statistiques concernant Pays à trouver 3

Cliquez ici pour prendre le quiz!

Statistiques générales

  • Ce quiz a été pris 198 fois
  • Le résultat moyen est 12 sur 15

Statistiques - réponses

Réponse% Correct
Uruguay
99%
Australie
94%
Namibie
93%
Islande
91%
Népal
91%
Angola
88%
Autriche
86%
Israël
81%
Timor Oriental
75%
Lesotho
73%
Laos
72%
Andorre
70%
Lettonie
70%
Nauru
69%
Antigua-et-Barbuda
68%

Distribution des résultats

Percentile par nombre de réponses

% des personnes avec chaque résultat

Votre développement - résultats

Vous n’avez pas pris ce quiz